ბათუმის შოთა რუსთაველის სახელმწიფო უნივერსიტეტის ბიბლიოთეკა

Discrete-time signal processing / (ბიბ.ჩანაწერი № 57414)

000 -LEADER
fixed length control field 00681cam a2200217 a 4500
001 - CONTROL NUMBER
control field 16977565
005 - DATE AND TIME OF LATEST TRANSACTION
control field 20220929104925.0
008 - FIXED-LENGTH DATA ELEMENTS--GENERAL INFORMATION
fixed length control field 110926s2013 njua b 001 0 eng
020 ## - INTERNATIONAL STANDARD BOOK NUMBER
International Standard Book Number 9789332535039
041 ## - LANGUAGE CODE
Language code of text/sound track or separate title eng
080 ## - UNIVERSAL DECIMAL CLASSIFICATION NUMBER
Universal Decimal Classification number 621.38+519.85 O-63
100 1# - MAIN ENTRY--PERSONAL NAME
Personal name Oppenheim, Alan V.,
Dates associated with a name 1937-
9 (RLIN) 8494
245 10 - TITLE STATEMENT
Title Discrete-time signal processing /
Statement of responsibility, etc. Alan V. Oppenheim, Ronald W. Schafer.
250 ## - EDITION STATEMENT
Edition statement 3rd ed.
264 ## - PRODUCTION, PUBLICATION, DISTRIBUTION, MANUFACTURE, AND COPYRIGHT NOTICE
Place of production, publication, distribution, manufacture Upper Saddle River :
Name of producer, publisher, distributor, manufacturer Pearson,
Date of production, publication, distribution, manufacture, or copyright notice 2013.
300 ## - PHYSICAL DESCRIPTION
Extent 1108 p. :
Other physical details ill. ;
Dimensions 25 cm.
653 ## - INDEX TERM--UNCONTROLLED
keyword ინჟინერია
653 ## - INDEX TERM--UNCONTROLLED
keyword მათემატიკა
700 1# - ADDED ENTRY--PERSONAL NAME
Personal name Schafer, Ronald W.,
Dates associated with a name
Relator term ავტორი
9 (RLIN) 8497
942 ## - ADDED ENTRY ELEMENTS (KOHA)
Source of classification or shelving scheme
Koha item type წიგნი
ეგზემპლარები
Withdrawn status Lost status Source of classification or shelving scheme Damaged status Not for loan Permanent Location Current Location Shelving location Date acquired Cost, normal purchase price Full call number Barcode Date last seen Copy number Price effective from Koha item type Public note
          ბათუმის შოთა რუსთაველის სახელმწიფო უნივერსიტეტის მთავარი ბიბლიოთეკა ბათუმის შოთა რუსთაველის სახელმწიფო უნივერსიტეტის მთავარი ბიბლიოთეკა წიგნსაცავი 2020-06-18 147.00 621.38+519.85 O-63 60613 2020-06-18 60613 2020-06-18 წიგნი 147 ლ.
          ბათუმის შოთა რუსთაველის სახელმწიფო უნივერსიტეტის მთავარი ბიბლიოთეკა ბათუმის შოთა რუსთაველის სახელმწიფო უნივერსიტეტის მთავარი ბიბლიოთეკა წიგნსაცავი 2020-06-29 231.00 621.38+519.85 O-63 60700 2020-06-29 60700 2020-06-29 წიგნი 231 ლ.